[Event "2007 Trumpeter Classic"]
[Site "Grande Prairie"]
[Date "2007.01.27"]
[Round "3"]
[White "Lefkowitz, Phil"]
[Black "Deimert, Elroy"]
[Result "1-0"]
[WhiteElo "1639"]
[BlackElo "1680"]
[PlyCount "101"]
[EventDate "2007.01.27"]
[EventType "swiss"]
[EventRounds "5"]
[EventCountry "CAN"]

1. Nf3 Nf6 2. d4 d5 3. c4 e6 4. Bg5 dxc4 5. Qa4+ Bd7 6. Qxc4 Nc6 7. a3 Be7 8.
e3 O-O 9. Bd3 h6 10. Bh4 a5 11. O-O b5 12. Qc2 b4 13. a4 Rb8 14. Nbd2 Qe8 15.
Rfc1 Nd5 16. Bb5 Na7 17. Bxd7 Qxd7 18. Ne5 Qe8 19. Bg3 Bd6 20. Nb3 Rc8 21. Nxa5
c5 22. Nac4 cxd4 23. e4 Bxe5 24. Bxe5 Nf6 25. Bd6 Qc6 26. Bxf8 Kxf8 27. f3 Qc5
28. Qd3 Rd8 29. b3 h5 30. Rc2 h4 31. Rac1 Nh5 32. Kf1 Qg5 33. Qd2 Nf4 34. Qxb4+
Kg8 35. Qa5 Qxa5 36. Nxa5 d3 37. Rd2 f5 38. Rc7 Nc8 39. g3 hxg3 40. hxg3 Nh5
41. Kf2 fxe4 42. Nc6 Rf8 43. Rxc8 g6 44. Rxf8+ Kxf8 45. fxe4 Nf6 46. Kf3 g5 47.
g4 Nd7 48. Rxd3 Nc5 49. Rd8+ Kf7 50. Rb8 Kf6 51. a5 1-0

[Event "2007 Trumpeter Classic"]
[Site "Grande Prairie"]
[Date "2007.01.27"]
[Round "3"]
[White "Longson, Stan"]
[Black "Caughlin, Wade"]
[Result "0-1"]
[WhiteElo "1379"]
[BlackElo "1740"]
[PlyCount "70"]
[EventDate "2007.01.27"]
[EventType "swiss"]
[EventRounds "5"]
[EventCountry "CAN"]

1. e4 c5 2. Nf3 d6 3. d3 Nc6 4. g3 g6 5. Bg2 Bg7 6. c3 Nf6 7. O-O O-O 8. Re1
Rb8 9. Be3 b5 10. Nbd2 Bg4 11. Qc2 Qc8 12. Bg5 Bh3 13. e5 Bxg2 14. Kxg2 dxe5
15. Ne4 Nxe4 16. Rxe4 e6 17. Re2 b4 18. Rc1 bxc3 19. bxc3 Qa6 20. Qd2 c4 21.
dxc4 Qxc4 22. Bh6 e4 23. Nd4 Bxh6 24. Qxh6 Nxd4 25. Rxe4 Nf5 26. Rxc4 Nxh6 27.
Ra4 Rb7 28. c4 Rc8 29. c5 Rbc7 30. c6 Nf5 31. Rac4 Ne7 32. a4 Rxc6 33. Rxc6
Nxc6 34. Kf3 f5 35. Ke3 Kf7 0-1

[Event "2007 Trumpeter Classic"]
[Site "Grande Prairie"]
[Date "2007.01.27"]
[Round "3"]
[White "Panteluk, Steven"]
[Black "Pradzinski, Tim"]
[Result "1/2-1/2"]
[WhiteElo "1703"]
[BlackElo "1867"]
[PlyCount "92"]
[EventDate "2007.01.27"]
[EventType "swiss"]
[EventRounds "5"]
[EventCountry "CAN"]

1. e4 c5 2. Nf3 d6 3. Bc4 e6 4. a3 Nf6 5. d3 Be7 6. h3 Nc6 7. Be3 Qc7 8. Qd2 a6
9. b4 b5 10. Ba2 cxb4 11. axb4 Bb7 12. c3 Rc8 13. O-O O-O 14. Na3 d5 15. exd5
Nxd5 16. Bxd5 exd5 17. Nd4 Bf6 18. Rac1 Nxd4 19. cxd4 Qb6 20. Qb2 h6 21. Nb1
Qd6 22. Nd2 Rxc1 23. Rxc1 Rc8 24. Rxc8+ Bxc8 25. Qc3 Bf5 26. Nf3 Be7 27. Bd2
Qf6 28. Ne5 Bd6 29. f4 Bxe5 30. dxe5 Qg6 31. d4 Be4 32. g4 h5 33. Qg3 hxg4 34.
Qxg4 Qc6 35. Qg3 Qc2 36. Qe1 Qb3 37. Qe3 Qd1+ 38. Kf2 Qh1 39. Kg3 Bf5 40. Kh4
Qg2 41. Be1 Qg6 42. Qf3 Qh6+ 43. Kg3 Qxh3+ 44. Kf2 Qh2+ 45. Ke3 Qc2 46. Qxd5
Qd3+ 1/2-1/2

[Event "2007 Trumpeter Classic"]
[Site "Grande Prairie"]
[Date "2007.01.27"]
[Round "3"]
[White "Stutzman, Larry"]
[Black "White, Chris"]
[Result "0-1"]
[WhiteElo "1757"]
[BlackElo "1578"]
[PlyCount "100"]
[EventDate "2007.01.27"]
[EventType "swiss"]
[EventRounds "5"]
[EventCountry "CAN"]

1. c4 d6 2. Nc3 d5 3. e3 Nf6 4. d4 e6 5. Nf3 Be7 6. Be2 O-O 7. O-O Nbd7 8. a3
b6 9. Qc2 Bb7 10. Bd3 dxc4 11. Bxc4 Re8 12. Rd1 Rc8 13. Bd2 c5 14. Be2 cxd4 15.
exd4 Ne4 16. Qd3 Nxd2 17. Rxd2 a6 18. Rc1 Bxf3 19. Bxf3 Bg5 20. Rcd1 Bxd2 21.
Rxd2 Nb8 22. Bb7 Rc7 23. Bxa6 Qg5 24. Rd1 Qg6 25. Qe2 Nxa6 26. Qxa6 Qc2 27. Qf1
Qxb2 28. Qb5 Qxb5 29. Nxb5 Rc2 30. Kf1 Kf8 31. g3 Rec8 32. Rd3 Ke7 33. d5 Rb2
34. d6+ Kd7 35. Nc7 Rc2 36. Kg2 Rc6 37. Nb5 Ra8 38. Kf3 Ra5 39. Rb3 Rc5 40. Nc7
Kxd6 41. Ne8+ Ke7 42. Nxg7 Rg5 43. Nxe6 fxe6 44. Rxb6 Rxa3+ 45. Kg2 Kf6 46. Rb2
h5 47. h4 Rd5 48. Re2 Rad3 49. Re4 Rd2 50. Rf4+ Rf5 0-1

[Event "2007 Trumpeter Classic"]
[Site "Grande Prairie"]
[Date "2007.01.27"]
[Round "3"]
[White "Wong, Ford"]
[Black "Johnson, Dean"]
[Result "1/2-1/2"]
[WhiteElo "1758"]
[BlackElo "1700"]
[PlyCount "50"]
[EventDate "2007.01.27"]
[EventType "swiss"]
[EventRounds "5"]
[EventCountry "CAN"]

1. d4 d5 2. c4 dxc4 3. Nf3 Nf6 4. Nc3 c5 5. e3 cxd4 6. exd4 e6 7. Bxc4 Bb4 8.
O-O O-O 9. a3 Bxc3 10. bxc3 Qc7 11. Qe2 a6 12. Bb2 b5 13. Ba2 Bb7 14. Rac1 Nbd7
15. Nd2 Nb6 16. f3 Bd5 17. c4 bxc4 18. Nxc4 Qa7 19. Nxb6 Qxb6 20. Bxd5 Nxd5 21.
Qf2 Rab8 22. Rc2 Qb3 23. Bc1 Rfc8 24. Rb2 Qc3 25. g3 Rxb2 1/2-1/2

[Event "2007 Trumpeter Classic"]
[Site "Grande Prairie"]
[Date "2007.01.28"]
[Round "4"]
[White "Campbell, Dale"]
[Black "Wong, Ford"]
[Result "0-1"]
[WhiteElo "1305"]
[BlackElo "1758"]
[PlyCount "86"]
[EventDate "2007.01.27"]
[EventType "swiss"]
[EventRounds "5"]
[EventCountry "CAN"]

1. e4 g6 2. Bc4 Bg7 3. Nf3 c6 4. O-O d5 5. exd5 cxd5 6. Bb3 Nf6 7. d4 O-O 8.
Nc3 Nc6 9. Bg5 e6 10. Ne5 Qb6 11. Nxc6 bxc6 12. Na4 Qc7 13. Nc5 Qb6 14. a4 a5
15. Qe2 Re8 16. c4 Ne4 17. Qe3 Nxg5 18. cxd5 cxd5 19. Bxd5 Bxd4 20. Qxd4 exd5
21. Rfe1 Ne4 22. Qxd5 Be6 23. Qxe4 Qxc5 24. Rac1 Qd5 25. Qf4 Rad8 26. h3 Qd4
27. Re4 Qxb2 28. Re5 Rd2 29. Rce1 Rd4 30. Qf3 Qb4 31. Rb5 Qxe1+ 32. Kh2 Qc1 33.
Qe2 Rxa4 34. Rb2 Qc7+ 35. g3 Ra1 36. Qb5 Bd7 37. Qb7 Qc1 38. Qg2 Qxb2 39. g4
Re2 40. Kg3 g5 41. Qa8+ Kg7 42. Qa7 Qe5+ 43. Kg2 Bc6# 0-1

[Event "2007 Trumpeter Classic"]
[Site "Grande Prairie"]
[Date "2007.01.28"]
[Round "4"]
[White "Caughlin, Wade"]
[Black "Gardner, Robert"]
[Result "0-1"]
[WhiteElo "1740"]
[BlackElo "2302"]
[PlyCount "68"]
[EventDate "2007.01.27"]
[EventType "swiss"]
[EventRounds "5"]
[EventCountry "CAN"]

1. e4 g6 2. d4 Bg7 3. f4 d6 4. Nf3 a6 5. Be2 Nd7 6. O-O b5 7. Be3 Ngf6 8. e5
Nd5 9. Qd2 Nxe3 10. Qxe3 Nb6 11. Qd2 O-O 12. Nc3 Bb7 13. Rad1 Rc8 14. d5 dxe5
15. Nxe5 Qd6 16. Qe3 Nxd5 17. Nxd5 Bxd5 18. b3 Bxe5 19. Qxe5 Qxe5 20. fxe5 Rfd8
21. Rd2 Bc6 22. Rfd1 Rxd2 23. Rxd2 Kf8 24. Bg4 e6 25. b4 Bd5 26. a3 c6 27. Kf2
Rc7 28. g3 c5 29. Bf3 Bxf3 30. Kxf3 cxb4 31. axb4 Rc4 32. Rd6 Rxc2 33. Rxa6 Rc4
34. Ra8+ Kg7 0-1

[Event "2007 Trumpeter Classic"]
[Site "Grande Prairie"]
[Date "2007.01.28"]
[Round "4"]
[White "Culjaga, Marko"]
[Black "Longson, Stan"]
[Result "1-0"]
[WhiteElo "1694"]
[BlackElo "1379"]
[PlyCount "53"]
[EventDate "2007.01.27"]
[EventType "swiss"]
[EventRounds "5"]
[EventCountry "CAN"]

1. e4 e5 2. f4 d6 3. Nf3 Nc6 4. Bc4 Be7 5. O-O Nf6 6. Nc3 a6 7. Bb3 O-O 8. h3
b5 9. d3 Bb7 10. fxe5 dxe5 11. Kh1 Nd7 12. Nd5 Na5 13. Nxe7+ Qxe7 14. Bg5 Qd6
15. Nh4 Nxb3 16. axb3 f6 17. Be3 Rf7 18. Qg4 Nc5 19. Nf5 Qc6 20. Nh6+ Kf8 21.
Nxf7 Kxf7 22. Rf3 Nxe4 23. dxe4 Qxc2 24. Qd7+ Kg8 25. Rg3 g5 26. Bxg5 Kf8 27.
Bh6# 1-0

[Event "2007 Trumpeter Classic"]
[Site "Grande Prairie"]
[Date "2007.01.28"]
[Round "4"]
[White "Lefkowitz, Phil"]
[Black "Stutzman, Larry"]
[Result "1-0"]
[WhiteElo "1639"]
[BlackElo "1757"]
[PlyCount "75"]
[EventDate "2007.01.27"]
[EventType "swiss"]
[EventRounds "5"]
[EventCountry "CAN"]

1. e4 e5 2. Nf3 Nc6 3. Bb5 d6 4. O-O Bd7 5. c3 Nf6 6. Re1 Be7 7. d4 O-O 8. d5
Nb8 9. Bxd7 Nbxd7 10. c4 Nc5 11. Nc3 c6 12. b4 Na6 13. a3 Rc8 14. Qb3 Rc7 15.
Be3 Qb8 16. Red1 cxd5 17. cxd5 Ng4 18. Bd2 Qc8 19. Nb5 Rd7 20. Nxa7 Qa8 21. Nb5
Nc7 22. Nc3 Rc8 23. h3 Nf6 24. Be3 Qa6 25. a4 b6 26. Nd2 Na8 27. b5 Qa5 28. Na2
Rdc7 29. Qb4 Qxb4 30. Nxb4 Nd7 31. Nc6 Nc5 32. f3 h6 33. Nc4 Kf8 34. Bxc5 dxc5
35. d6 Rxc6 36. dxe7+ Kxe7 37. bxc6 Rxc6 38. Nxe5 1-0

[Event "2007 Trumpeter Classic"]
[Site "Grande Prairie"]
[Date "2007.01.28"]
[Round "4"]
[White "Pedersen, Rick"]
[Black "Panteluk, Steven"]
[Result "1/2-1/2"]
[WhiteElo "1887"]
[BlackElo "1703"]
[PlyCount "86"]
[EventDate "2007.01.27"]
[EventType "swiss"]
[EventRounds "5"]
[EventCountry "CAN"]

1. e4 e5 2. Nf3 Nc6 3. Bb5 Nf6 4. O-O d6 5. d4 exd4 6. e5 Nd5 7. Qxd4 Be6 8.
Nc3 Nxc3 9. Qxc3 Qd7 10. Bf4 d5 11. Nd4 Bb4 12. Bxc6 Bxc3 13. Bxd7+ Kxd7 14.
bxc3 c5 15. Nxe6 fxe6 16. Rab1 b6 17. Rfd1 Rhf8 18. Bg3 g5 19. c4 d4 20. c3 h5
21. h4 gxh4 22. Bxh4 Rf4 23. g3 Rg8 24. cxd4 Rxh4 25. dxc5+ Kc7 26. cxb6+ axb6
27. Rbc1 Rhg4 28. c5 b5 29. c6 h4 30. Rd7+ Kc8 31. Ra7 hxg3 32. f3 Ra4 33. Rxa4
bxa4 34. Kg2 Kc7 35. Rc4 a3 36. Rc3 Rg5 37. f4 Rg4 38. Rc4 Rg8 39. Rc2 Rb8 40.
Kxg3 Rb2 41. Rc1 Rxa2 42. f5 exf5 43. Kf3 Rb2 1/2-1/2

[Event "2007 Trumpeter Classic"]
[Site "Grande Prairie"]
[Date "2007.01.28"]
[Round "4"]
[White "Pradzinski, Tim"]
[Black "Johnson, Dean"]
[Result "1/2-1/2"]
[WhiteElo "1867"]
[BlackElo "1700"]
[PlyCount "65"]
[EventDate "2007.01.27"]
[EventType "swiss"]
[EventRounds "5"]
[EventCountry "CAN"]

1. e4 e5 2. f4 exf4 3. Nf3 d5 4. exd5 Nf6 5. Bc4 Nxd5 6. O-O Be7 7. d4 Be6 8.
Bxd5 Bxd5 9. Bxf4 Nc6 10. Nc3 Bxf3 11. Qxf3 Qxd4+ 12. Be3 Qf6 13. Qg3 Qe5 14.
Bf4 Qd4+ 15. Kh1 O-O 16. Rad1 Qb6 17. Bh6 g6 18. Bxf8 Bxf8 19. b3 Bd6 20. Qf2
Qxf2 21. Rxf2 Re8 22. Re2 Rxe2 23. Nxe2 f5 24. h3 Kf7 25. Kg1 Kf6 26. Kf1 g5
27. c4 b6 28. Nd4 Nxd4 29. Rxd4 Ke5 30. Rd3 Ke4 31. Ke2 f4 32. Rd5 h6 33. Rd3
1/2-1/2

[Event "2007 Trumpeter Classic"]
[Site "Grande Prairie"]
[Date "2007.01.28"]
[Round "4"]
[White "Schech, Roland"]
[Black "Culjaga, Nikolai"]
[Result "0-1"]
[WhiteElo "1612"]
[BlackElo "1977"]
[PlyCount "78"]
[EventDate "2007.01.27"]
[EventType "swiss"]
[EventRounds "5"]
[EventCountry "CAN"]

1. e4 c5 2. Nf3 Nc6 3. Bb5 a6 4. Bxc6 dxc6 5. O-O Bg4 6. h3 Bh5 7. e5 Qc7 8. g4
Bg6 9. Re1 e6 10. c4 h5 11. g5 h4 12. Na3 Be7 13. Nc2 Bh5 14. d3 O-O-O 15. Re4
Bg6 16. Rxh4 Rxh4 17. Nxh4 Rxd3 18. Qe2 Rxh3 19. Nxg6 fxg6 20. f4 Rh5 21. Qg4
Qd7 22. Be3 Kb8 23. Rd1 Qc8 24. Kg2 Bf8 25. a3 Kc7 26. Kg3 Ne7 27. Qe2 Nf5+ 28.
Kg2 Be7 29. Bc1 Qh8 30. Qf3 Rh2+ 31. Kf1 Rxc2 32. Bd2 Nd4 33. Qg2 Qh5 34. Ba5+
b6 35. Bxb6+ Kxb6 36. Qxc2 Nxc2 37. Rd7 Qf3+ 38. Kg1 Ne3 39. Rxe7 Qg2# 0-1

[Event "2007 Trumpeter Classic"]
[Site "Grande Prairie"]
[Date "2007.01.28"]
[Round "4"]
[White "White, Chris"]
[Black "Quiring, John"]
[Result "0-1"]
[WhiteElo "1578"]
[BlackElo "1892"]
[PlyCount "78"]
[EventDate "2007.01.27"]
[EventType "swiss"]
[EventRounds "5"]
[EventCountry "CAN"]

1. d4 Nf6 2. c4 g6 3. Nc3 d5 4. Nf3 Bg7 5. Bd2 O-O 6. Qc1 c5 7. cxd5 cxd4 8.
Nxd4 Nxd5 9. e3 e5 10. Nf3 Bg4 11. h3 Bxf3 12. gxf3 Nc6 13. Bg2 Rc8 14. O-O
Ncb4 15. Qd1 Nd3 16. Qb3 Nb6 17. Nb5 Nf4 18. exf4 Qxd2 19. Nxa7 Rc4 20. Qxb6
Rb4 21. Qe3 Qxb2 22. Rfb1 Qxb1+ 23. Rxb1 Rxb1+ 24. Bf1 Rd8 25. fxe5 Rdd1 26.
Qe2 Rxf1+ 27. Qxf1 Rxf1+ 28. Kxf1 Bxe5 29. Ke2 Kg7 30. Nb5 Kf6 31. Na3 Kg5 32.
Kf1 Kf4 33. Nc4 b5 34. Nd2 Bc3 35. Ne4 Be5 36. Ke2 f5 37. Nc5 Bf6 38. a4 bxa4
39. Nxa4 Bd4 0-1

[Event "2007 Trumpeter Classic"]
[Site "Grande Prairie"]
[Date "2007.01.28"]
[Round "5"]
[White "Caughlin, Wade"]
[Black "Hughey, Micah"]
[Result "0-1"]
[WhiteElo "1740"]
[BlackElo "2271"]
[PlyCount "78"]
[EventDate "2007.01.27"]
[EventType "swiss"]
[EventRounds "5"]
[EventCountry "CAN"]

1. e4 e5 2. Nf3 Nc6 3. Bb5 a6 4. Ba4 Nf6 5. O-O Be7 6. Re1 b5 7. Bb3 Bb7 8. c3
d5 9. exd5 Nxd5 10. d4 exd4 11. Nxd4 Nxd4 12. Qxd4 O-O 13. Nd2 c5 14. Qg4 Qc7
15. Nf3 Bd6 16. Bc2 Nf6 17. Qh3 Bxf3 18. gxf3 Bf4 19. Kh1 Rfe8 20. Be4 Rad8 21.
Qh4 Bxc1 22. Raxc1 Nxe4 23. Rxe4 Rxe4 24. Qxe4 g6 25. Rc2 Rd1+ 26. Kg2 Qd6 27.
b3 Kg7 28. c4 Rd4 29. Qe3 Rd3 30. Qe4 Rd4 31. Qe3 bxc4 32. Rxc4 Rxc4 33. bxc4
Qd4 34. Qb3 h5 35. Qa4 a5 36. Qc2 Kf6 37. Qe4 Qxe4 38. fxe4 Ke5 39. Kf3 Kd4 0-1

[Event "2007 Trumpeter Classic"]
[Site "Grande Prairie"]
[Date "2007.01.28"]
[Round "5"]
[White "Culjaga, Nikolai"]
[Black "Panteluk, Steven"]
[Result "1-0"]
[WhiteElo "1977"]
[BlackElo "1703"]
[PlyCount "67"]
[EventDate "2007.01.27"]
[EventType "swiss"]
[EventRounds "5"]
[EventCountry "CAN"]

1. e4 e5 2. f4 exf4 3. Nf3 g5 4. h3 d6 5. d4 Bg7 6. Bc4 Nc6 7. c3 Qe7 8. O-O h6
9. Kh1 Bd7 10. b4 O-O-O 11. Nbd2 f6 12. Qa4 g4 13. Ng1 f3 14. gxf3 gxf3 15. b5
Nb8 16. Qxa7 f5 17. Bd5 c6 18. bxc6 Bxc6 19. Nc4 fxe4 20. Rb1 Nf6 21. Bxc6 Nxc6
22. Qa8+ Kd7 23. Rxb7+ Ke6 24. Rxe7+ Nxe7 25. Qa3 Bf8 26. Bf4 Ned5 27. Bh2 Rg8
28. Qb3 Rg2 29. Ne3 Rd2 30. Nxd5 Nxd5 31. h4 Rd3 32. Nh3 Rxc3 33. Nf4+ Kf5 34.
Qxd5+ 1-0

[Event "2007 Trumpeter Classic"]
[Site "Grande Prairie"]
[Date "2007.01.28"]
[Round "5"]
[White "Deimert, Elroy"]
[Black "Schech, Roland"]
[Result "0-1"]
[WhiteElo "1680"]
[BlackElo "1612"]
[PlyCount "102"]
[EventDate "2007.01.27"]
[EventType "swiss"]
[EventRounds "5"]
[EventCountry "CAN"]

1. e4 d5 2. exd5 Qxd5 3. Nf3 e6 4. c4 Qd6 5. d4 c6 6. Nc3 Nf6 7. Be2 Be7 8. O-O
O-O 9. c5 Qd8 10. a3 Nd5 11. Qc2 Bf6 12. Nxd5 cxd5 13. b4 a6 14. Bd3 h6 15. Re1
Nc6 16. Bb2 b5 17. Re3 Bg5 18. Nxg5 Qxg5 19. Rg3 Qh4 20. Bh7+ Kh8 21. Rd1 f5
22. Bg6 f4 23. Rh3 Qg5 24. Rh5 Qf6 25. Qd3 Bd7 26. Kh1 Be8 27. Bxe8 Raxe8 28.
Re1 Rg8 29. Rd1 g5 30. g4 Rg6 31. Rh3 Kg7 32. Qe2 Qf7 33. Bc3 Qe7 34. Rhd3 Rf6
35. f3 Rh8 36. Kg2 h5 37. h3 Rfh6 38. Rh1 Kf6 39. Rdd1 hxg4 40. hxg4 Rh4 41.
Rde1 Qf7 42. Bb2 Ke7 43. Bc3 R8h6 44. Qc2 Kd7 45. a4 Qg8 46. axb5 axb5 47. Reg1
Qh8 48. Qd1 Rh2+ 49. Rxh2 Rxh2+ 50. Kf1 Qh3+ 51. Ke1 Qh4+ 0-1

[Event "2007 Trumpeter Classic"]
[Site "Grande Prairie"]
[Date "2007.01.28"]
[Round "5"]
[White "Johnson, Dean"]
[Black "Pedersen, Rick"]
[Result "1/2-1/2"]
[WhiteElo "1700"]
[BlackElo "1887"]
[PlyCount "67"]
[EventDate "2007.01.27"]
[EventType "swiss"]
[EventRounds "5"]
[EventCountry "CAN"]

1. c4 Nf6 2. g3 e5 3. Bg2 Nc6 4. Nc3 d6 5. e4 Be6 6. d3 Qd7 7. Nd5 Nd4 8. Be3
Nxd5 9. cxd5 Bg4 10. f3 Bh5 11. g4 Bg6 12. Ne2 Nxe2 13. Qxe2 Be7 14. h4 h5 15.
g5 c5 16. Bh3 Qd8 17. Rg1 b5 18. b3 Qa5+ 19. Qd2 Qxd2+ 20. Kxd2 Bd8 21. f4 exf4
22. Bxf4 Ba5+ 23. Ke2 Ke7 24. Bd2 Bxd2 25. Kxd2 Rhf8 26. Raf1 a5 27. Kc3 Ra7
28. Rf2 b4+ 29. Kc4 Rb7 30. Rgg2 f6 31. gxf6+ Rxf6 32. Rxf6 Kxf6 33. Rf2+ Ke7
34. Rg2 1/2-1/2

[Event "2007 Trumpeter Classic"]
[Site "Grande Prairie"]
[Date "2007.01.28"]
[Round "5"]
[White "Pradzinski, Tim"]
[Black "Lefkowitz, Phil"]
[Result "1-0"]
[WhiteElo "1867"]
[BlackElo "1639"]
[PlyCount "33"]
[EventDate "2007.01.27"]
[EventType "swiss"]
[EventRounds "5"]
[EventCountry "CAN"]

1. e4 d6 2. Nf3 g6 3. d4 Bg7 4. Be3 Nf6 5. Nc3 O-O 6. Bd3 c6 7. h3 e6 8. Qd2
Ne8 9. O-O-O b5 10. Kb1 a5 11. Bh6 Nd7 12. h4 Nb6 13. h5 e5 14. Bxg7 Kxg7 15.
hxg6 fxg6 16. Qh6+ Kf7 17. Ng5+ 1-0

[Event "2007 Trumpeter Classic"]
[Site "Grande Prairie"]
[Date "2007.01.28"]
[Round "5"]
[White "Quiring, John"]
[Black "Wong, Ford"]
[Result "0-1"]
[WhiteElo "1892"]
[BlackElo "1758"]
[PlyCount "72"]
[EventDate "2007.01.27"]
[EventType "swiss"]
[EventRounds "5"]
[EventCountry "CAN"]

1. c4 Nf6 2. Nc3 g6 3. g3 Bg7 4. Bg2 O-O 5. d3 c6 6. Bd2 e5 7. e3 d6 8. Nge2
Be6 9. O-O Qd7 10. b4 Bh3 11. Qb3 h5 12. Rfd1 Bh6 13. e4 Bxd2 14. Rxd2 Bxg2 15.
Kxg2 h4 16. d4 h3+ 17. Kg1 Qg4 18. Rd3 Nbd7 19. d5 a6 20. f3 Qg5 21. Kf2 c5 22.
b5 Rfb8 23. a4 Nh5 24. Qb2 f5 25. b6 Ndf6 26. Qd2 Qxd2 27. Rxd2 fxe4 28. Nxe4
Nxe4+ 29. fxe4 Rf8+ 30. Ke3 g5 31. Ng1 g4 32. Rf2 Rxf2 33. Kxf2 Rf8+ 34. Ke3 a5
35. Rb1 Nf6 36. Rb5 Nd7 0-1

[Event "2007 Trumpeter Classic"]
[Site "Grande Prairie"]
[Date "2007.01.28"]
[Round "5"]
[White "Stutzman, Larry"]
[Black "Culjaga, Marko"]
[Result "0-1"]
[WhiteElo "1757"]
[BlackElo "1694"]
[PlyCount "86"]
[EventDate "2007.01.27"]
[EventType "swiss"]
[EventRounds "5"]
[EventCountry "CAN"]

1. c4 e5 2. Nc3 Nf6 3. e3 Bb4 4. Nge2 Nc6 5. g3 O-O 6. Bg2 d6 7. a3 Bc5 8. O-O
a6 9. b4 Ba7 10. Rb1 Be6 11. Nd5 Bf5 12. Rb3 Nxd5 13. cxd5 Ne7 14. Nc3 Bd3 15.
Ne2 Bc4 16. Rc3 Bxd5 17. Bxd5 Nxd5 18. Rc4 b5 19. Rc2 Rc8 20. f4 exf4 21. Nxf4
Qg5 22. Qf3 Nxf4 23. Qxf4 Qxf4 24. Rxf4 c5 25. Bb2 cxb4 26. Rxc8 Rxc8 27. axb4
Rc2 28. Bc3 Bxe3+ 29. dxe3 Rxc3 30. Re4 g6 31. h4 Rc2 32. Rd4 Re2 33. Rd3 d5
34. Kf1 Rb2 35. Rd4 Kf8 36. Rxd5 Rxb4 37. Rd8+ Ke7 38. Ra8 Ra4 39. Kf2 a5 40.
Kf3 b4 41. g4 b3 42. Ra7+ Kf8 43. Rb7 Rb4 0-1

[Event "2007 Northern Alberta Open"]
[Site "Edmonton"]
[Date "2007.02.17"]
[Round "2"]
[White "Huber, Greg"]
[Black "Rekhson, Vladislav"]
[Result "1-0"]
[WhiteElo "2333"]
[BlackElo "2159"]
[PlyCount "63"]
[EventDate "2007.02.17"]
[EventType "swiss"]
[EventRounds "5"]
[EventCountry "CAN"]

1. e4 c5 2. Nc3 Nc6 3. g3 g6 4. Bg2 Bg7 5. d3 e6 6. Be3 d6 7. Qd2 Nge7 8. Bh6
Bxh6 9. Qxh6 Nd4 10. O-O-O b5 11. h4 a5 12. Nce2 Nxe2+ 13. Nxe2 b4 14. h5 b3
15. axb3 a4 16. bxa4 Rxa4 17. hxg6 fxg6 18. Qg7 Rg8 19. Qc3 h5 20. b3 Ra7 21.
Kb2 Qb6 22. Ra1 Rxa1 23. Rxa1 Bb7 24. Bh3 e5 25. f4 Nc6 26. Qc4 Ne7 27. fxe5
dxe5 28. Rf1 Rf8 29. Bd7+ Kxd7 30. Rxf8 Ba6 31. Qf7 c4 32. dxc4 1-0

[Event "2007 Northern Alberta Open"]
[Site "Edmonton"]
[Date "2007.02.17"]
[Round "2"]
[White "Li, Zhichao"]
[Black "Thomas, Bruce"]
[Result "1-0"]
[WhiteElo "2257"]
[BlackElo "1806"]
[PlyCount "81"]
[EventDate "2007.02.17"]
[EventType "swiss"]
[EventRounds "5"]
[EventCountry "CAN"]

1. d4 d5 2. c4 e6 3. Nf3 Nf6 4. g3 c5 5. Bg2 Nc6 6. O-O cxd4 7. Nxd4 Be7 8. Nc3
O-O 9. b3 a6 10. Nxc6 bxc6 11. cxd5 cxd5 12. Bb2 Bb7 13. Rc1 Rc8 14. Na4 Rxc1
15. Qxc1 Nd7 16. Qa1 Bf6 17. Rc1 Bxb2 18. Qxb2 Qb8 19. Nc5 Nxc5 20. Rxc5 Qd6
21. Qc1 Rd8 22. b4 Rd7 23. a3 f6 24. h4 Kf7 25. Qc2 f5 26. Qc1 Qe5 27. Bf3 h6
28. e3 Ke7 29. Qb1 g6 30. Bd1 Rc7 31. Qc1 Kd8 32. Ba4 Qd6 33. Rxc7 Qxc7 34.
Qxc7+ Kxc7 35. f4 Bc6 36. Bxc6 Kxc6 37. a4 h5 38. Kf1 Kb6 39. Ke2 a5 40. b5 Kc5
41. Kd3 1-0

[Event "2007 Northern Alberta Open"]
[Site "Edmonton"]
[Date "2007.02.17"]
[Round "3"]
[White "Sekuloff, Mike"]
[Black "Karmali, Hafiz"]
[Result "0-1"]
[WhiteElo "1693"]
[BlackElo "2033"]
[PlyCount "72"]
[EventDate "2007.02.17"]
[EventType "swiss"]
[EventRounds "5"]
[EventCountry "CAN"]

1. d4 d5 2. c4 e6 3. Nc3 f5 4. c5 c6 5. Bf4 Nf6 6. e3 Nbd7 7. Nf3 Ne4 8. Nxe4
fxe4 9. Ne5 Qf6 10. b4 Be7 11. Nxd7 Bxd7 12. Be5 Qf7 13. Be2 O-O 14. O-O Bf6
15. Bd6 Rfe8 16. f4 Be7 17. Be5 Rf8 18. Bh5 g6 19. Bg4 Bf6 20. Qe1 Bxe5 21.
dxe5 Qe7 22. Qg3 b6 23. Qh3 Rfe8 24. Rac1 Rab8 25. a3 a5 26. Qg3 bxc5 27. bxa5
Rb3 28. f5 exf5 29. Bxf5 Bxf5 30. Rxf5 Rxa3 31. Rf6 d4 32. Rxc5 Qxc5 33. Rxg6+
Kh8 34. Qg5 Qc1+ 35. Kf2 Qxe3+ 36. Qxe3 dxe3+ 0-1

[Event "2007 Northern Alberta Open"]
[Site "Edmonton"]
[Date "2007.02.18"]
[Round "4"]
[White "Li, Zhichao"]
[Black "Gardner, Robert"]
[Result "1/2-1/2"]
[WhiteElo "2257"]
[BlackElo "2301"]
[PlyCount "98"]
[EventDate "2007.02.17"]
[EventType "swiss"]
[EventRounds "5"]
[EventCountry "CAN"]

1. d4 Nf6 2. c4 e6 3. Nf3 b6 4. g3 Bb7 5. Bg2 Be7 6. O-O O-O 7. Nc3 Ne4 8. Nxe4
Bxe4 9. Ne1 Bxg2 10. Nxg2 c5 11. d5 d6 12. e4 e5 13. Ne3 Bg5 14. Qh5 Bxe3 15.
fxe3 Nd7 16. Bd2 a6 17. Rf3 g6 18. Qh6 Nf6 19. Qh4 Nh5 20. Qxd8 Rfxd8 21. g4
Ng7 22. a4 a5 23. Ra3 Ne8 24. Rb3 Ra6 25. Be1 h6 26. Bh4 g5 27. Be1 Kg7 28. Kg2
Nf6 29. h3 Nxe4 30. Rf5 Kg6 31. Kf3 Nf6 32. e4 Ng8 33. Ke2 Ne7 34. Rf1 f6 35.
h4 Rf8 36. Bd2 gxh4 37. Rh1 h5 38. Rxh4 hxg4 39. Rxg4+ Kf7 40. Rh3 Ke8 41. Rg7
Rg8 42. Rgh7 Ra7 43. Rb3 Ra6 44. Rf3 Rg2+ 45. Kd1 Rg6 46. Rh8+ Ng8 47. Rh7 Ne7
48. Rh8+ Ng8 49. Rh7 Ne7 1/2-1/2

[Event "2007 Northern Alberta Open"]
[Site "Edmonton"]
[Date "2007.02.18"]
[Round "4"]
[White "Procyshyn, Jeff"]
[Black "Sekuloff, Mike"]
[Result "1/2-1/2"]
[WhiteElo "1450"]
[BlackElo "1693"]
[PlyCount "128"]
[EventDate "2007.02.17"]
[EventType "swiss"]
[EventRounds "5"]
[EventCountry "CAN"]

1. b4 e5 2. Bb2 Bxb4 3. Bxe5 f6 4. Bb2 d5 5. Nf3 Ne7 6. e3 O-O 7. c4 Bg4 8. Na3
Nbc6 9. Be2 Bxf3 10. Bxf3 d4 11. O-O d3 12. Nb5 Ne5 13. Bxb7 Rb8 14. Be4 Nxc4
15. Qb3 Bxd2 16. Qxc4+ Kh8 17. Ba3 Re8 18. Nxa7 c5 19. Bxc5 Qc7 20. Nb5 Qe5 21.
Nd6 Rf8 22. Rab1 Rbd8 23. Qxd3 Ba5 24. Qa3 Bc7 25. Rfd1 Kg8 26. g3 Bxd6 27.
Bxd6 Qxe4 28. Bxe7 Rxd1+ 29. Rxd1 Rb8 30. Rd8+ Rxd8 31. Bxd8 Qb1+ 32. Kg2 Qe4+
33. Kh3 Qf5+ 34. Kg2 Qe4+ 35. Kf1 Qb1+ 36. Ke2 Qc2+ 37. Ke1 Qe4 38. Qb3+ Kf8
39. a4 Qh1+ 40. Kd2 Qf3 41. Qb4+ Kf7 42. Qe7+ Kg6 43. Qe8+ Kh6 44. Qb5 Qxf2+
45. Qe2 Qf5 46. a5 Qd5+ 47. Qd3 Qa2+ 48. Qc2 Qd5+ 49. Qd3 Qa2+ 50. Kc3 Qa3+ 51.
Kc4 Qa2+ 52. Qb3 Qe2+ 53. Kb4 Qd2+ 54. Kc5 Qxd8 55. Qb6 Qe7+ 56. Kb5 Qd7+ 57.
Qc6 Qd3+ 58. Kb6 Qxe3+ 59. Qc5 Qe6+ 60. Kb7 Qe4+ 61. Qc6 Qe7+ 62. Qc7 Qe4+ 63.
Ka7 Qe3+ 64. Qb6 Qe7+ 1/2-1/2